Bible vagíny : průvodce životem s vulvou a pochvou bez mýtů a předsudků /
Autorka vyráží do boje s neinformovaností, přežitými patriarchálními stereotypy, studem a tabuizováním témat, která se ženských pohlavních orgánů týkají.
Uloženo v:
| Hlavní autor: | |
|---|---|
| Další autoři: | , |
| Médium: | E-kniha |
| Jazyk: | Czech |
| Vydáno: |
V Brně :
Jan Melvil Publishing,
2022
|
| Vydání: | Vydání první |
| Edice: | Pod povrchem
|
| Témata: | |
| Tagy: |
Žádné tagy |
| LEADER | 02826nam a2200625 i 4500 | ||
|---|---|---|---|
| 001 | 311519 | ||
| 003 | CZ PrSKC | ||
| 005 | 20260601215707.0 | ||
| 007 | ta | ||
| 008 | 220204s2022 xr a g f 001 0 cze | ||
| 015 | |a cnb003394515 | ||
| 020 | |a 9788075551528 |q (vázáno) : |c Kč 519,00 | ||
| 035 | |a (OCoLC)1310111898 | ||
| 040 | |a BOA001 |b cze |d ABA001 |e rda | ||
| 041 | 1 | |a cze |h eng | |
| 072 | 7 | |a 618 |x Gynekologie. Porodnictví |2 Konspekt | |
| 080 | |a 618.16 |2 MRF | ||
| 080 | |a 618.15 |2 MRF | ||
| 080 | |a 618.11/.16 |2 MRF | ||
| 080 | |a 613.99 |2 MRF | ||
| 080 | |a 618.1 |2 MRF | ||
| 080 | |a (0.062) |2 MRF | ||
| 100 | 1 | |a Gunter, Jen, |d 1966- |7 mzk20221140980 |4 aut | |
| 240 | 1 | 0 | |a Vagina bible. |l Česky |
| 245 | 1 | 0 | |a Bible vagíny : |b průvodce životem s vulvou a pochvou bez mýtů a předsudků / |c Jen Gunterová ; překlad Monika a Filip Drlíkovi |
| 250 | |a Vydání první | ||
| 264 | 1 | |a V Brně : |b Jan Melvil Publishing, |c 2022 | |
| 300 | |a 461 stran : |b ilustrace ; |c 24 cm | ||
| 336 | |a text |b txt |2 rdacontent | ||
| 337 | |a bez média |b n |2 rdamedia | ||
| 338 | |a svazek |b nc |2 rdacarrier | ||
| 490 | 1 | |a Pod povrchem | |
| 500 | |a Přeloženo z angličtiny | ||
| 504 | |a Obsahuje bibliografické odkazy a rejstřík | ||
| 520 | 2 | |a Autorka vyráží do boje s neinformovaností, přežitými patriarchálními stereotypy, studem a tabuizováním témat, která se ženských pohlavních orgánů týkají. |b Vysvětluje, že vinu na tom nese nejen historická marginalizace žen, ale i média, farmaceutický a kosmetický průmysl, pseudovědecké „poznatky“, šarlatáni a celebrity usilující o zviditelnění a zisk. Nakladatelská anotace. Kráceno. | |
| 650 | 0 | 7 | |a vulva |7 ph127155 |2 czenas |
| 650 | 0 | 7 | |a vagina |7 ph320503 |2 czenas |
| 650 | 0 | 7 | |a ženské pohlavní ústrojí |7 ph127965 |2 czenas |
| 650 | 0 | 7 | |a zdraví a hygiena žen |7 ph135124 |2 czenas |
| 650 | 0 | 7 | |a nemoci ženského pohlavního ústrojí |7 ph134935 |2 czenas |
| 650 | 0 | 9 | |a vulva |2 eczenas |
| 650 | 0 | 9 | |a vagina |2 eczenas |
| 650 | 0 | 9 | |a female reproduction tract |2 eczenas |
| 650 | 0 | 9 | |a women's health and hygiene |2 eczenas |
| 650 | 0 | 9 | |a female reproductive organ diseases |2 eczenas |
| 655 | 7 | |a populárně-naučné publikace |7 fd131864 |2 czenas | |
| 655 | 9 | |a popular works |2 eczenas | |
| 700 | 1 | |a Drlíková, Monika |7 xx0244679 |4 trl | |
| 700 | 1 | |a Drlík, Filip, |d 1986- |7 xx0164666 |4 trl | |
| 830 | 0 | |a Pod povrchem | |
| 900 | |a ABA001 |b 20 | ||
| 044 | |a xr | ||
| 910 | |a RBIT002 | ||
| 998 | |d 347892 |a https://core.palmknihy.cz/api/books/347892/cover?r8s9ic |b https://core.palmknihy.cz/api/books/347892/cover/400?r8s9ic |c https://core.palmknihy.cz/api/books/347892/cover/50?r8s9ic |e |g 464 |i 9788075551528 |j https://core.palmknihy.cz/api/books/347892/preview.epub |l |q 49 |r 1 |s https://www.palmknihy.cz/kniha/347892 |t ebook |y 2022 |z 0 | ||
| 999 | |d 311517 | ||